| 000 | 02205nam a2200361 i 4500 | ||
|---|---|---|---|
| 001 | 158975 | ||
| 003 | ES-MaACL | ||
| 005 | 20250831062448.0 | ||
| 008 | 010904s1758 mx a |||| | spa d | ||
| 040 | _cES-MaACL | ||
| 100 | 1 |
_aRipalda, Jerónimo de, _d1536-1618 _9223864 _eaut |
|
| 245 | 1 | 0 |
_aCatecismo mexicano, que contiene toda la doctrina christiana con todas sus declaraciones ... / _cdispusolo primeramente en castellano el padre Geronymo de Ripalda de la Compañia de Jesus ; y despues para la comun utilidad de los indios ... lo traduxo del castellano en el puro y proprio idioma mexicano el padre Ignacio de Paredes de la misma Compañia de Jesus y le añadiò la doctrina pequeña con otras cosas ... para la vida del christiano. |
| 260 |
_aEn Mexico : _ben la imprenta de la Bibliotheca Mexicana, _c1758. |
||
| 300 |
_a[32], 170, [2] páginas, [1] hoja de lámina : _bilustraciones ; _c8º. |
||
| 530 | _aDisponible en formato digital | ||
| 546 | _aTexto en español y lengua indígena mexicana | ||
| 594 | _aSegún el Dicc. histórico de la Compañía de Jesús biográfico-temático, 2001, v. IV, p. 3365, el verdadero autor es G. Astete | ||
| 597 | _aSign.: A-I4, L-Z4, 2A-2C4, 2D² | ||
| 597 | _aPort. con orla tipográfica | ||
| 597 | _aPrecede a la portada en náhuatl otra en español | ||
| 599 | _aLa lámina es un grabado calcográfico con leyenda: "S. Francisco Xavier Apóstol de la Yndias", firmado por: "Ortuño fc. mexo 1768" | ||
| 599 | _aIlustración xil., esc. arzobispal en verso de port. mexicana | ||
| 610 | 2 | 7 |
_aIglesia Católica- _xDoctrinas _2 _9151420 |
| 655 | 7 |
_9234608 _aCatecismos |
|
| 700 | 1 |
_aParedes, Ignacio de _c(S.I.) _9130846 _etrl |
|
| 700 | 1 |
_aAstete, Gaspar, _9140628 _eaut _d1537-1601 |
|
| 852 |
_aES-MaACL _cDEPO _dOlim: G-519 _jR-574 _xHolandesa deteriorada |
||
| 856 | 4 |
_uhttps://bibliotecadigital.aecid.es/bibliodig/es/consulta/registro.do?id=1046 _yVersión en línea _z(Biblioteca Digital AECID) |
|
| 856 | 4 |
_uhttps://patrimoniodigital.ucm.es/s/patrimonio/item/677158 _yVersión en línea _z(Patrimonio Digital Complutense) |
|
| 942 |
_cMONANT _n0 |
||
| 999 |
_c158975 _d158975 |
||